Responses for Show #1099 - Thursday, May 18, 1989

1989 College Championship final game 1.

Contestants

[<< previous game]

Linda Krisak, a sophomore from Case Western Reserve University

Alex Yang, a senior from Tulane University

Tom Cubbage, a senior from Southern Methodist Univeristy

[next game >>]

Jeopardy! Round responses

STARTS WITH "B"
BIRDS
SEE THE USA
PSYCHOLOGY
FASHION HISTORY
THE SPORT PLAYED
    $100 21
a bachelor's degree

Tom
    $100 20
a peacock

Tom
    $100 9
Graceland

Alex
    $100 11
Freud

Tom
    $100 4
hats

Linda
    $100 1
basketball

Tom
    $200 22
blood

Linda
    $200 27
a chicken

Tom
    $200 12
Arthur Fonzarelli ("The Fonz")

Tom
    $200 16
brainwashing

Tom
    $200 5
red

Linda
    $200 2
swimming

Alex
    $300 24
beards

Triple Stumper
    $300 28
ornithology

Tom
    $300 13
Arizona

Tom
    $300 17
salivating

Linda
    $300 6
lingerie

Tom
    $300 3
baseball

Alex
    $400 25
a brogue

Tom
    $400 29
the ostrich

Alex
    $400 14
(Linda: What is the Baja Peninsula?)

the Monterey Peninsula

TomLinda
    $400 18
deja vu

Linda
    $400 10
(Tom: What are the 1960s?)

the 1920s

TomLinda
    $400 7
football

Tom
    $500 26
a bell jar

Linda
    $500 30
magpie

Linda
    $500 15
the White Mountains

Triple Stumper
    $500 19
paranoia

Tom
    $500 23
collars

Alex
    $500 8
auto racing

Tom

Scores at the first commercial break (after clue 16):

Tom Alex Linda
$2,100 $600 $300

Scores at the end of the Jeopardy! Round:

Tom Alex Linda
$3,700 $1,500 $2,200

Double Jeopardy! Round responses

PRESIDENTS
ENGLISH LITERATURE
TECHNOLOGY
LAKES & RIVERS
CLASSICAL MUSIC
FAMOUS STUDENTS
    $200 11
George Washington

Tom
    $200 5
Ian Fleming

Alex
    $200 26
potatoes

Linda
    $200 21
the Thames

Tom
    $200 6
a sugar plum fairy

Linda
    $200 14
Jackie Joyner-Kersee

Tom
    $400 12
Adams

Tom
    $400 7
Spain

Tom
    $400 27
a microwave oven

Tom
    $400 22
the Seine

Linda
    $400 4
"The Messiah"

Linda
    $400 16
Plato

Alex
    $600 13
(Thomas) Jefferson

Linda
    $1,000 8
Erewhon

Tom
    $600 28
(Alex Trebek: Yes, they created the Betamax.)

Sony

Tom
    $600 23
Reindeer Lake

Tom
    $600 3
the Fugue

Alex
    $600 18
Billy Crystal

Linda
    $800 15
McKinley

Alex
    $800 9
Wuthering Heights

Alex
    $800 29
a balloon

Alex
    $800 24
the Volga

Triple Stumper
    $1,000 2
(Alex Yang: What is "The Barber of [*]?)

Seville

Alex
    $800 19
(Vladimir) Nabokov

Linda
    $1000 17
John Quincy Adams

Tom
    $1000 10
Jane Austen

Tom
    $1000 30
irrigation

Tom
    $1000 25
the Congo (the Zaire)

Tom
    $1000 1
Jacques Offenbach

Alex
    $1000 20
Brandon Tartikoff

Alex

Scores at the end of the Double Jeopardy! Round:

Tom Alex Linda
$11,700 $8,100 $5,400

Final Jeopardy! Round responses

EUROPE
LindaWhat is Austria?
$2,000
AlexWhat is Belgium?
$2,000
TomWhat is Belgium?
$5,700
Belgium

Final scores:

Tom Alex Linda
$17,400 $10,100 $3,400

Game dynamics:

Coryat scores:

Tom Alex Linda
$11,300 $7,900 $5,400
28 R
(including 1 DD),
1 W
14 R
(including 1 DD),
0 W
15 R
(including 1 DD),
1 W

Combined Coryat: $24,600

[game clues] [game scores] [suggest correction]

Game tape date: 1989-04-09
The J! Archive is created by fans, for fans. Scraping, republication, monetization, and malicious use prohibited; this site may use cookies and collect identifying information. See terms. The Jeopardy! game show and all elements thereof, including but not limited to copyright and trademark thereto, are the property of Jeopardy Productions, Inc. and are protected under law. This website is not affiliated with, sponsored by, or operated by Jeopardy Productions, Inc. Join the discussion at JBoard.tv.